Industrial hydraulics (Record no. 7178)

000 -LEADER
fixed length control field 00551nam a2200205 i 4500
001 - CONTROL NUMBER
control field 7178
003 - CONTROL NUMBER IDENTIFIER
control field BD-DhUET
008 - FIXED-LENGTH DATA ELEMENTS--GENERAL INFORMATION
fixed length control field 780705s1979 nyua 001 0 eng
020 ## - INTERNATIONAL STANDARD BOOK NUMBER
International Standard Book Number 070664773
040 ## - CATALOGING SOURCE
Original cataloging agency DLC
Transcribing agency DLC
Modifying agency BD-DhUET
082 00 - DEWEY DECIMAL CLASSIFICATION NUMBER
Classification number 621.2
Item number PIP/1980
100 1# - MAIN ENTRY--PERSONAL NAME
Personal name Pippenger, John J.
245 10 - TITLE STATEMENT
Title Industrial hydraulics
Statement of responsibility, etc. by John J. Pippenger and Tyler G. Hicks
250 ## - EDITION STATEMENT
Edition statement 3d ed.
260 ## - PUBLICATION, DISTRIBUTION, ETC. (IMPRINT)
Place of publication, distribution, etc. New York
Name of publisher, distributor, etc. McGraw-Hill
Date of publication, distribution, etc. 1980
300 ## - PHYSICAL DESCRIPTION
Extent vi, 440 p.
Other physical details ill.
Dimensions 25 cm.
650 #0 - SUBJECT ADDED ENTRY--TOPICAL TERM
Topical term or geographic name as entry element Hydraulic machinery
700 ## - ADDED ENTRY--PERSONAL NAME
Personal name Hicks, Tyler G.
942 ## - ADDED ENTRY ELEMENTS (KOHA)
Koha item type General Book
Holdings
Location (home branch) Price effective from Shelving location Koha date last seen Date acquired Damaged status Copy number Koha item type Koha full call number Lost status Not for loan Piece designation (barcode) Withdrawn status Source of classification or shelving scheme Sublocation or collection (holding branch) Koha normalized classification for sorting
Central Library, BUET2014-12-07Circulation section2014-12-072014-12-07 4Contented Book 621.2 /PIP/1980  59770  Central Library, BUET621_200000000000000_PIP1980
Central Library, BUET2014-12-07Circulation section2014-12-072014-12-07 5Contented Book 621.2 /PIP/1980  59771  Central Library, BUET621_200000000000000_PIP1980
Central Library, BUET2014-12-07Circulation section2014-12-072014-12-07 6Contented Book 621.2 /PIP/1980  59772  Central Library, BUET621_200000000000000_PIP1980
Central Library, BUET2014-12-07Circulation section2014-12-072014-12-07 1Contented Book 621.2 /PIP/1980  56769  Central Library, BUET621_200000000000000_PIP1980
Central Library, BUET2014-12-07Circulation section2014-12-072014-12-07 7Contented Book 621.2 /PIP/1980  59773  Central Library, BUET621_200000000000000_PIP1980
Central Library, BUET2014-12-07Circulation section2014-12-072014-12-07 10Contented Book 621.2 /PIP/1980  59776  Central Library, BUET621_200000000000000_PIP1980
Central Library, BUET2014-12-07Circulation section2014-12-072014-12-07 2Contented Book 621.2 /PIP/1980  56770  Central Library, BUET621_200000000000000_PIP1980
Central Library, BUET2014-12-07Circulation section2014-12-072014-12-07 9Contented Book 621.2 /PIP/1980  59775  Central Library, BUET621_200000000000000_PIP1980
Central Library, BUET2014-12-07Circulation section2014-12-072014-12-07 9Contented Book 621.2 /PIP/1980  59769  Central Library, BUET621_200000000000000_PIP1980
Central Library, BUET2014-12-07Circulation section2014-12-072014-12-07 11Contented Book 621.2 /PIP/1980  59777  Central Library, BUET621_200000000000000_PIP1980
Central Library, BUET2015-06-16Reading section2015-06-162015-06-16 12Reading Item621.2/PIP/1980  59778  Central Library, BUET621_200000000000000_PIP_1980